Qui a joué pour Quentin Tarantino ? - Statistiques

Statistiques générales
  • Ce quiz a été pris 63 fois
    62 depuis la dernière actualisation
  • Le résultat moyen est 10 sur 18
Answers on the Grid
Answers color-coded by a green-red scale on the quiz's grid according to % correct below.
Joaquin Phoenix
Uma Thurman
Samuel L Jackson
Matt Damon
Brad Pitt
Will Smith
Leonardo DiCaprio
Mikey Madison
Laetitia Casta
Al Pacino
Kurt Russell
Jamie Fox
Jack Nicholson
Michael Fassbender
Michael Madsen
Austin Butler
Will Smith
Maya Hawke
Tom Hardy
Mélanie Laurent
Ana de Armas
Sydney Sweeney
Keanu Reaves
Bruce Lee
Channing Tatum
Pedro Pascal
Marius Bareau Martineau
Tim Roth
Denis Ménochet
John Travolta
 
Statistiques - réponses
Réponse % Correct
Uma Thurman
100%
Samuel L Jackson
96%
Brad Pitt
79%
John Travolta
79%
Leonardo DiCaprio
79%
Jamie Fox
69%
Mélanie Laurent
63%
Michael Madsen
54%
Tim Roth
46%
Kurt Russell
44%
Mikey Madison
40%
Denis Ménochet
35%
Maya Hawke
35%
Michael Fassbender
35%
Al Pacino
33%
Austin Butler
31%
Sydney Sweeney
31%
Channing Tatum
21%
Aucun quiz correspondant
Distribution des résultats
% des personnes avec chaque résultat
Percentile par nombre de réponses
Votre historique - résultats
Vous n’avez pas pris ce quiz depuis la dernière actualisation